'T' Game Quiz Stats

 Plays Quiz Updated Sep 28, 2018

Score 0/51 Timer 10:00
1 Play Today
% Correct
Tennessee
84.6%
Texas
83.1%
Turkey
76.9%
Thailand
73.3%
Tanzania
65%
Turkmenistan
63.9%
Taiwan
62.4%
Trinidad and Tobago
62.3%
Tin
61.9%
Donald Trump
60.5%
William Howard Taft
60.2%
Titanium
58.2%
Togo
58.2%
Harry Truman
58.1%
Tajikistan
56.2%
Tunisia
55.8%
Detroit Tigers
53.6%
Zachary Taylor
51.3%
John Tyler
49.3%
Tuvalu
49%
Tonga
48.8%
Tokyo
45.5%
Tungsten
44.6%
The Tempest
43.5%
The Taming of the Shrew
41.8%
Titanic
41.4%
% Correct
Titus
41%
Minnesota Timberwolves
40.5%
Timothy (1 and 2)
39.3%
Minnesota Twins
39.1%
Turin
36%
Timor-Leste
35.8%
Oklahoma City Thunder
35.1%
Thessalonians (1 and 2)
31.5%
Twelfth Night
31.3%
Thallium
30.3%
Portland Trail Blazers
28.4%
Thorium
27.1%
Titus Andronicus
26.7%
The Two Gentlemen of Verona
25.8%
Tellurium
24.5%
Tantalum
22.8%
Technetium
21.5%
Timon of Athens
21.1%
Thulium
20.7%
Troilus and Cressida
19.6%
Tennessine
19.5%
Terbium
19.4%
Terms of Endearment
15.5%
The Two Noble Kinsmen
14.1%
Tom Jones
14%

You're not logged in!

Compare scores with friends on all Sporcle quizzes.
OR
Log In

Sporcle TV

Today on Sporcle TV


Watch our educational content, quiz creation guides, and fun videos on Sporcle TV.

Show Comments

Extras

Top Quizzes Today


Score Distribution

Your Account Isn't Verified!

In order to create a playlist on Sporcle, you need to verify the email address you used during registration. Go to your Sporcle Settings to finish the process.

Report this User

Report this user for behavior that violates our Community Guidelines.

Details: